The description logic handbook: Theory, implementions and applications

Đã lưu trong:
Sonraí Bibleagrafaíochta
Formáid: Leabhar
Teanga:Undetermined
Foilsithe: Cambridge, UK Cambridge 2003
Ábhair:
Clibeanna: Cuir Clib Leis
Gan Chlibeanna, Bí ar an gcéad duine leis an taifead seo a chlibeáil!
Thư viện lưu trữ: Trung tâm Học liệu Trường Đại học Cần Thơ
LEADER 00522nam a2200169Ia 4500
001 CTU_56233
008 210402s9999 xx 000 0 und d
082 |a 006.3'32 
082 |b D449 
245 4 |a The description logic handbook: Theory, implementions and applications 
245 0 |c Edited by Franz Baader ... [et al.] 
260 |a Cambridge, UK 
260 |b Cambridge 
260 |c 2003 
650 |a description logics 
650 |x handbooks, manuals, etc. 
980 |a Trung tâm Học liệu Trường Đại học Cần Thơ